000 02447cam a22004454i 4500
003 PE-LiUPU
005 20250731175621.0
008 150617s1984 sp r 000 0 spa d
020 _a8429309616
035 _a(Sirsi) i9788429309614
040 _aPE-LiUPU
_bspa
_cPE-LiUPU
_erda
049 _aPRUA
082 0 4 _a485.
_bP42
_221
100 1 _aPenagos, Luis,
_eautor.
245 1 0 _aGramática griega /
_cLuis Penagos.
264 1 _aSantander :
_bSal Tarrae,
_c1984.
300 _a140 páginas mapa, cuadro ;
_c21 centímetros
336 _atext
_2rdacontent
337 _aunmediated
_2rdamedia
338 _avolume
_2rdacarrier
490 0 _aBibliotheca Comillensis
505 0 _aLa escritura griega -- Principales leyes fonéticas -- El artículo -- El nombre sustantivo -- Sustantivos contractos -- Sustantivos irregulares -- El adjetivo -- Pronombres -- Nociones generales -- Verbos puros -- Verbos contractos -- Verbos mudos -- Verbos líquidos -- Tiempos segundos -- Verbos en -mi -- El dual de la conjugación -- Adverbios -- Preposiciones -- Conjunciones -- Interjecciones -- Lista de verbos irregulares -- El artículo -- La concordancia -- La comparación -- El nominativo -- El acusativo -- El dativo -- El genitivo -- Lugar, tiempo y espacio -- Otros elementos circunstanciales -- Oraciones enunciativas -- Oraciones volitivas -- Oraciones interrogativas -- Oraciones completivas -- Oraciones circunstanciales -- Oraciones relativas -- Modos impersonales del verbo.
526 _aP145
526 _aP127
526 _aP97
526 _aP35
526 _aP14
526 _aP07
650 0 4 _aGriego
_xGramática.
_91860
910 _ajck
_bjvq
_cjck
_d20150616
942 _2ddc
_cBOOK
949 _a485. P42
_wDEWEY
_c1
_i28585
_lCCODEBUL1
_mBUL
_r0
_sY
_tBOOK
_u2015-6-17
_xTEOLOGIA
_zUNKNOWN
_0COMPRA
_o.STAFF. Colección Teología
949 _a485. P42
_wDEWEY
_c2
_i15136
_lCCODEBUL1
_mBUL
_r0
_sY
_tBOOK
_u2015-6-17
_xTEOLOGIA
_zUNKNOWN
_0COMPRA
_o.STAFF. Colección Teología
994 _aC0
_bPEPRU
596 _a1
999 _a485. P42
_wDEWEY
_c19211
_i28585
_d19211
_e2017-9-10
_f2021-11-12
_g5
_lCCODEBUL1
_mBUL
_n4
_p20.00
_q1
_r0
_sY
_tBOOK
_u2015-6-17
_xTEOLOGIA
_PP35
_0COMPRA
_o.STAFF. Colección Teología
999 _a485. P42
_wDEWEY
_c2
_i15136
_f2021-11-12
_g5
_lCCODEBUL1
_mBUL
_r0
_sY
_tBOOK
_u2015-6-17
_xTEOLOGIA
_zUNKNOWN
_0COMPRA
_o.STAFF. Colección General
980 _81
_gALBERTO SANCHEZ Responsable de Automatización